| 000 | 01186nam a22002537a 4500 | ||
|---|---|---|---|
| 003 | BR-ViAPE | ||
| 005 | 20260513130202.0 | ||
| 008 | 260513s2008 porbco|gs|||| 000 0 por d | ||
| 020 | _q85-98928-01-1 | ||
| 040 | _cBR-ViAPE | ||
| 245 |
_aColônias imperiais na terra do café: _bcamponeses trentinos (vênetos e lombardos) nas florestas brasileiras: Espírito Santo 1874 - 1900 |
||
| 246 |
_aColonie imperiali nella terra del caffé: _bcontadini trentini (veneti e lombardi) nelle foreste brasiliane: parte II, Espírito Santo |
||
| 260 |
_aVitória _bArquivo Público do Estado do Espírito Santo _c2008 |
||
| 300 |
_a534 p. _bil. |
||
| 300 | _bLivro disponível em PDF | ||
| 490 |
_aColeção Canaã _vv. 6 |
||
| 500 | _aObra disponibilizada em PDF por integrar a Coleção Canaã do APEES. | ||
| 650 |
_aColonização _xImigrantes _zItália _zEspírito Santo (Brasil) |
||
| 700 |
_aGrosselli, Renzo M. _d1952- _eautor |
||
| 700 |
_aSarcinelli, Márcia _etradutora |
||
| 710 | _aArquivo Público do Estado do Espírito Santo | ||
| 856 |
_uhttps://ape.es.gov.br/Media/ape/PDF/Livros/Colonias_Imperiais_na_Terra_Cafe.pdf _yCLIQUE AQUI PARA ACESSAR O DOCUMENTO |
||
| 942 |
_2ddc _cBK _n1 |
||
| 999 |
_c651 _d651 |
||